| 000 -LEADER |
| fixed length control field |
00632nam a2200217Ia 4500 |
| 001 - CONTROL NUMBER |
| control field |
11172 |
| 003 - CONTROL NUMBER IDENTIFIER |
| control field |
GE_BSU |
| 008 - FIXED-LENGTH DATA ELEMENTS--GENERAL INFORMATION |
| fixed length control field |
181216s||||||||xx |||||||||||||| ||und|| |
| 040 ## - CATALOGING SOURCE |
| Transcribing agency |
GE_BSU |
| 100 ## - MAIN ENTRY--PERSONAL NAME |
| Personal name |
ფედეროვი მ.ვ. |
| 245 ## - TITLE STATEMENT |
| Title |
მიკრობიოლოგია. |
| 245 ## - TITLE STATEMENT |
| Statement of responsibility, etc. |
რედ. დ.ნათიშვილი მთარგმ. ქ. ღამბაშიძე |
| 260 ## - PUBLICATION, DISTRIBUTION, ETC. |
| Place of publication, distribution, etc. |
თბილისი. |
| 260 ## - PUBLICATION, DISTRIBUTION, ETC. |
| Name of publisher, distributor, etc. |
ცოდნა |
| 260 ## - PUBLICATION, DISTRIBUTION, ETC. |
| Date of publication, distribution, etc. |
1964 |
| 300 ## - PHYSICAL DESCRIPTION |
| Extent |
332გვ. |
| 300 ## - PHYSICAL DESCRIPTION |
| Other physical details |
ილ. |
| 300 ## - PHYSICAL DESCRIPTION |
| Dimensions |
26სმ. |
| 653 ## - INDEX TERM--UNCONTROLLED |
| Uncontrolled term |
მიკრობიოლოგია. |
| 942 ## - ADDED ENTRY ELEMENTS (KOHA) |
| Koha item type |
წიგნი |